Príčiny zaostávania nových členských krajín EÚ: empirická analýza na základe Montgomeryho dekompozície

Teoretické východiská ideálnej Montgomeryho dekompozície a rozkladu TFP na technológiu a efektívnosť. Výsledky výpočtov a ich interpretácia.

Salvato in:
Dettagli Bibliografici
Autore principale: Dujava, Daniel
Natura: Capitolo di libro
Lingua:slovacco
Soggetti:
Tags: Aggiungi Tag
Nessun Tag, puoi essere il primo ad aggiungerne!!

MARC

LEADER 00000naa a2200000 4500
001 0156571
005 20240502083349.2
041 0 |a slo 
044 |a CZ 
245 1 0 |a Príčiny zaostávania nových členských krajín EÚ: empirická analýza na základe Montgomeryho dekompozície  |c Daniel Dujava 
520 |a Teoretické východiská ideálnej Montgomeryho dekompozície a rozkladu TFP na technológiu a efektívnosť. Výsledky výpočtov a ich interpretácia. 
610 2 0 |a analýza ekonomická 
610 2 0 |a situácia hospodárska 
610 2 0 |a Európska únia 
610 2 0 |a Slovensko 
610 2 0 |a porovnanie medzinárodné 
610 2 0 |a ekonometria 
610 2 0 |a metódy ekonometrické 
100 1 |a Dujava, Daniel